000 00671naa a2200229 4500
001 184078
003 ES-MaBCM
005 20260325062556.0
008 110415s2010 fra|r0p 0 ||fre d
021 _axx
035 _a(OCoLC)1365128695
040 _cES-MaBCM
100 1 _aBroughton, Emma
_992538
245 0 0 _aCopenhague
_b: le bilan et l'avenir
_cEmma Broughton
650 2 7 _aProtección del medio ambiente
_959954
650 2 7 _aContaminación atmosférica
_958089
650 2 7 _aClima
_957938
651 2 0 _aCopenhague
_9124125
773 0 _aEn:
_tPolitique étrangère
_dParís
_w104624
_gN. 2 (2010), p. 341-353
942 _cAREV
999 _c184078
_d184078
610 2 0 _aONU
_9116848